00357nam a22001097a 450000500170000000800410001702200180005808200220007624500750009826000500017330000240022320190313112217.0190313b ||||| |||| 00| 0 eng d a9789993628668 a315.498 N27t 2018 a2017 population & housing census of Bhutan ;bTrashiyangtse Dzongkhag. aThimphu :bNational Statisitcs Bureau,c2018. aviii, 62 p.c24 cm.